Writing India : (Record no. 64597)

MARC details
000 -LEADER
fixed length control field 00699nam a22002057a 4500
005 - DATE AND TIME OF LATEST TRANSACTION
control field 20130613144024.0
008 - FIXED-LENGTH DATA ELEMENTS--GENERAL INFORMATION
fixed length control field 120402t xxu||||| |||| 00| 0 eng d
010 ## - LCCN (DPL NO)
LC control number ENG-104932
020 ## - INTERNATIONAL STANDARD BOOK NUMBER
International Standard Book Number 9780198074069
Terms of availability 2950.00
035 ## - SYSTEM CONTROL NUMBER
System control number EN-88465
037 ## - SOURCE OF ACQUISITION
Source of stock number/acquisition DBAD/PUB
040 ## - CATALOGING SOURCE
Original cataloging agency DPL
Language of cataloging Eng
082 ## - DEWEY DECIMAL CLASSIFICATION NUMBER
Classification number 305.891411
245 ## - TITLE STATEMENT
Title Writing India :
Statement of responsibility, etc edited and introduced by Mushirul Hasan
Remainder of title colonial ethnography in the nineteenth century /
260 ## - PUBLICATION, DISTRIBUTION, ETC. (IMPRINT)
Place of publication, distribution, etc New Delhi
Name of publisher, distributor, etc Oxford University Press
Date of publication, distribution, etc 2012
270 ## - ADDRESS
Address YMCA Library Building, 1 Jai Singh Road
City New Delhi
Postal code 110001
300 ## - PHYSICAL DESCRIPTION
Extent xviii,446p.
Dimensions 28cm(Hb)
700 ## - ADDED ENTRY--PERSONAL NAME
Personal name Mushirul Hasan
9 (RLIN) 44660
942 ## - ADDED ENTRY ELEMENTS (KOHA)
Source of classification or shelving scheme Dewey Decimal Classification
Item type English Books
Call number suffix WRI
Classification part 305.891411
Holdings
Withdrawn status Lost status Source of classification or shelving scheme Damaged status Not for loan Collection code Home library Current library Date acquired Source of acquisition Cost, normal purchase price Total Checkouts Full call number Barcode Date last seen Copy number Cost, replacement price Koha item type
    Dewey Decimal Classification   Not For Loan Non-fiction D.B.Act.Division D.B.Act.Division 02/04/2012 DBAD/PUB 2950.00   305.891411 WRI EN-88465 02/04/2012 1 2950.00 English Books

© Delhi Public Library
Hit Counter
free hit counter